000 00368nam a2200133Ia 4500
008 100328s9999 xx 000 0 und d
082 _b21148
100 _aबाबर सरोजिनी
245 _aकमळाचं जाळं
260 _b---
630 _aकमळाचं जाळं
730 _aकमळाचं जाळं
942 _cBOOK
999 _c515188
_d515185